000
00282pam a2200121 a 4500
020
_c
041
_a
eng
100
_a
Hudse.W.H.
245
_a
An Introducton To The Study & Literatere
_h
Textual Documents
260
_a
[s.l]:
_b
George.G.Harmap.Co.
300
_a
47p.
930
_a
15386
999
_c
92286
_d
92286